Most Populous Metro Areas in the USA With Under 1 Million People - Statistics

General Stats
  • This quiz has been taken 34 times
  • The average score is 13 of 15
Answers on the Map
Answers color-coded by a green-red scale on the quiz's map according to % correct below.
 
Answer Stats
Population Answer State % Correct
882,652 Baton Rouge LA
97%
966,230 New Orleans LA
97%
913,485 Albany NY
94%
879,392 El Paso TX
94%
998,747 Honolulu HI
94%
926,303 Albuquerque NM
91%
870,193 Columbia SC
91%
957,608 Knoxville TN
88%
996,680 Greenville SC
84%
922,529 Bakersfield CA
81%
972,679 Bridgeport CT
81%
881,248 Worcester MA
81%
886,418 Allentown PA
78%
914,820 McAllen TX
78%
934,956 Sarasota FL
63%
No matching quizzes found
Score Distribution
Percent of People with Each Score
Percentile by Number Answered
Your Score History
You have not taken this quiz